000
00399nam a2200145Ia 4500
008
090124s9999 xx 000 0 und d
082
_b
202234
245
_a
" ऊस,गूळ,साखर"
250
_a
1
260
_b
उद्यम प्रकाशन
_c
1967
300
_a
203
630
_a
" ऊस,गूळ,साखर"
730
_a
" ऊस,गूळ,साखर"
942
_c
BOOK
999
_c
183815
_d
183815